Histoire et doctrines economiques de l'Angleterre / (Record no. 26979)

MARC details
000 -LEADER
campo de control de longitud fija 00916nam a2200241 i 4500
001 - NÚMERO DE CONTROL
campo de control 26979
003 - IDENTIFICADOR DE NÚMERO DE CONTROL
campo de control ES-MaACL
005 - FECHA Y HORA DE LA ÚLTIMA TRANSACCIÓN
campo de control 20250816063224.0
007 - CAMPO FIJO DE DESCRIPCIÓN FÍSICA--INFORMACIÓN GENERAL
campo de control de longitud fija t|
008 - DATOS DE LONGITUD FIJA--INFORMACIÓN GENERAL
campo de control de longitud fija 030113s1900 fr ||||1| fre d
100 1# - ENTRADA PRINCIPAL--NOMBRE DE PERSONA
Nombre de persona Ashley, William James.
9 (RLIN) 23605
245 10 - MENCIÓN DEL TÍTULO
Título Histoire et doctrines economiques de l'Angleterre /
Mención de responsabilidad, etc. par William James Ashley.
260 ## - PUBLICACIÓN, DISTRIBUCIÓN, ETC.
Lugar de publicación, distribución, etc. París :
Nombre del editor, distribuidor, etc. V. Giard et E. Brière,
Fecha de publicación, distribución, etc. 1900 (
Fabricante Imp. Destenay)
300 ## - DESCRIPCIÓN FÍSICA
Extensión 2 v. .(276, 577 p.) ;
Dimensiones 23 cm.
490 1# - MENCIÓN DE SERIE
Mención de serie Bibliothèque internationale d'économie politique
505 8# - NOTA DE CONTENIDO CON FORMATO
Nota de contenido con formato Contiene: I. Le moyen âge; tr. par P. Bondois. - II. La fin du moyen âge; tr. par S. Bouyssy
650 04 - PUNTO DE ACCESO ADICIONAL DE MATERIA--TÉRMINO DE MATERIA
Término de materia o nombre geográfico como elemento de entrada Economía-
Subdivisión de forma Historia.
9 (RLIN) 12012
700 1# - ENTRADA AGREGADA--NOMBRE PERSONAL
Nombre de persona Bondois, Paul.
9 (RLIN) 126060
700 1# - ENTRADA AGREGADA--NOMBRE PERSONAL
Nombre de persona Bouyssy, Savinien.
9 (RLIN) 31097
830 00 - PUNTO DE ACCESO ADICIONAL DE SERIE-TÍTULO UNIFORME
Título uniforme Bibliothèque internationale d'économie politique
9 (RLIN) 181587
852 ## - LOCALIZACIÓN
Ubicación ES-MaACL
Número de control de estantería F-14122-23
Holdings
Estatus retirado Estado de pérdida Estado de daño No para préstamo Colección Biblioteca de origen Biblioteca actual Ubicación en estantería Fecha de adquisición Fuente de adquisición Total de préstamos Signatura topográfica completa Código de barras Visto por última vez Precio de reemplazo Tipo de ítem Koha
        Libros del s. XIX Biblioteca del Ateneo de Madrid Biblioteca del Ateneo de Madrid Sala Pecera Planta 2 17/01/2008     F-14122-23 1027848 23/02/2023 23/02/2023 Libro impreso antiguo